| 000 | 00599nam a2200181Ia 4500 | ||
|---|---|---|---|
| 005 | 20260429112240.0 | ||
| 008 | 260429s9999||||xx |||||||||||||| ||und|| | ||
| 020 | _a8177143883 | ||
| 041 | _aHindi | ||
| 082 |
_a070 _bANU |
||
| 100 | _aअनुराग, फैसल | ||
| 245 | 0 |
_aक्षेत्रीय पत्रकारिता के ग्लोबल फ़लक / _cफैसल अनुराग |
|
| 250 | _a1st ed. | ||
| 260 |
_aदिल्ली : _bप्रकाशन संस्थान, _c2009. |
||
| 300 | _a384 p.; Hb | ||
| 650 | _aJournalism | ||
| 942 | _cTB | ||
| 999 |
_c53112 _d53112 |
||